| 000 | 00487nam a2200181Ia 4500 | ||
|---|---|---|---|
| 003 | GCL | ||
| 008 | 140319s9999 xx 000 0 eng d | ||
| 020 | _a1654969657 | ||
| 040 |
_aGCL / _cGCL |
||
| 082 | 0 | 4 |
_a741.6 _bR C |
| 245 | 1 | 0 | _aCLIO AWARDS - THE 43 rd ANNUAL AWARDS COMPITION |
| 260 |
_aنيويورك : _bROCKPORT PUBLISHERS INC. ، _c2003 |
||
| 300 |
_a32 CM ؛ _c272 P |
||
| 650 | 0 | 4 | _aADVERTISING |
| 650 | 0 | 4 | _aTELEVISION |
| 650 | 0 | 4 | _aINTERNET ADVERTISING |
| 942 |
_2ddc _cBK |
||
| 999 |
_c6610 _d6610 |
||